| 000 | 00833nam a2200205 i 4500 | ||
|---|---|---|---|
| 001 | 114089 | ||
| 003 | ES-MaACL | ||
| 005 | 20230906190056.0 | ||
| 007 | t| | ||
| 008 | 061121s1913 fr r ||||1| fre d | ||
| 100 | 1 |
_aNostredame, Jean de. _986023 |
|
| 245 | 1 | 4 |
_aLes Vies des plus célèbres et anciens poetes provençaux _b: nouvelle édition accompagnée d'extraits d'ouvres inédites du mème auteur prèparée par Camille Chabaneau et publiée avec introduction et commentaire par Joseph Anglade / _cJean de Nostredame. |
| 250 | _anouvelle édition. | ||
| 260 |
_aParis : _b[s.n.], _c1913 ( _fImp. Generale du Midi) |
||
| 300 |
_a408 p. ; _c20 cm. |
||
| 650 | 4 |
_aPoesía provenzal- _xHistoria y crítica. _9142887 |
|
| 700 | 1 |
_aChabaneau, Camille. _937715 |
|
| 700 | 1 |
_aAnglade, Joseph. _921741 |
|
| 852 |
_aES-MaACL _jG-15571 |
||
| 999 |
_c114089 _d114089 |
||